[Event "Skalica Open 2019"]
[Site "Skalica"]
[Date "2019.08.29"]
[Round "7.22"]
[White "Skreko, Igor"]
[Black "Petkevich, Denis"]
[Result "1/2-1/2"]
[WhiteElo "1725"]
[BlackElo "1863"]
[Annotator "NA"]
[PlyCount "115"]
[EventDate "2019.08.25"]
[EventType "swiss"]
[EventCountry "SVK"]
[SourceTitle "playchess.com"]
[Source "ChessBase"]
[SourceQuality "1"]
[TimeControl "40/5400+30:1800+30"]

1. c4 {[%emt 0:00:00]} Nf6 {[%emt 0:00:00]} 2. Nc3 {[%emt 0:00:00]} g6 {[%emt 0:00:00]} 3. g3 {[%emt 0:00:00]} Bg7 {[%emt 0:00:00]} 4. Bg2 {[%emt 0:00:00]} O-O {[%emt 0:00:00]} 5. Nf3 {[%emt 0:00:03]} c5 {[%emt 0:00:00]} 6. O-O {[%emt 0:00:12]} d6 {[%emt 0:00:29]} 7. d3 {[%emt 0:00:48]} Nc6 {[%emt 0:00:15]} 8. a3 {[%emt 0:00:10]} e5 {[%emt 0:00:18]} 9. Rb1 {[%emt 0:01:12]} a5 {[%emt 0:00:05]} 10. e3 {[%emt 0:01:09]} Be6 {[%emt 0:00:15]} 11. Qc2 {[%emt 0:00:36]} Nh5 {[%emt 0:01:12]} 12. Bd2 {[%emt 0:00:50]} f5 {[%emt 0:00:06]} 13. Nb5 {[%emt 0:03:28]} g5 {[%emt 0:03:25]} 14. Ne1 {[%emt 0:05:37]} f4 {[%emt 0:00:54]} 15. exf4 {[%emt 0:01:46]} gxf4 {[%emt 0:00:04]} 16. Nf3 {[%emt 0:01:42]} Nd4 {[%emt 0:02:37]} 17. Nbxd4 {[%emt 0:01:18]} cxd4 {[%emt 0:00:10]} 18. b4 {[%emt 0:00:46]} axb4 {[%emt 0:01:27]} 19. axb4 {[%emt 0:00:17]} Qd7 {[%emt 0:00:04]} 20. b5 {[%emt 0:08:30]} Bh3 {[%emt 0:01:08]} 21. Qb3 {[%emt 0:08:14]} Kh8 {[%emt 0:00:14]} 22. Ra1 {[%emt 0:03:11]} Rxa1 {[%emt 0:00:32]} 23. Rxa1 {[%emt 0:00:03]} Qg4 {[%emt 0:00:07]} 24. Bxh3 {[%emt 0:03:34]} Qxh3 {[%emt 0:00:05]} 25. Ng5 {[%emt 0:00:06]} Qg4 {[%emt 0:00:06]} 26. Ne4 {[%emt 0:00:04]} f3 {[%emt 0:00:11]} 27. Qd1 {[%emt 0:00:51]} Nf4 {[%emt 0:05:06]} 28. Bxf4 {[%emt 0:01:40]} exf4 {[%emt 0:00:05]} 29. Nxd6 {[%emt 0:14:48]} Be5 {[%emt 0:01:51]} 30. Ne4 {[%emt 0:00:51]} h5 {[%emt 0:00:04]} 31. Qf1 {[%emt 0:03:08]} Qf5 {[%emt 0:07:16]} 32. h4 {[%emt 0:05:27]} Qg4 {[%emt 0:02:10]} 33. Kh2 {[%emt 0:02:21]} fxg3+ {[%emt 0:00:08]} 34. fxg3 {[%emt 0:00:01]} Qxh4+ {[%emt 0:00:06]} 35. Qh3 {[%emt 0:00:18]} Qxh3+ {[%emt 0:05:18]} 36. Kxh3 {[%emt 0:00:07]} Kg7 {[%emt 0:00:02]} 37. Rf1 {[%emt 0:01:24]} Kh6 {[%emt 0:04:44]} 38. Nd2 {[%emt 0:01:07]} f2 {[%emt 0:00:09]} 39. Ne4 {[%emt 0:00:07]} Rf3 {[%emt 0:00:28]} 40. Rxf2 {[%emt 0:02:03]} Rxd3 {[%emt 0:00:06]} 41. Rf5 {[%emt 0:34:23]} Bb8 {[%emt 0:31:08]} 42. Rf8 {[%emt 0:01:02]} Be5 {[%emt 0:00:18]} 43. Re8 {[%emt 0:05:43]} Bg7 {[%emt 0:00:06]} 44. Re6+ {[%emt 0:00:54]} Kh7 {[%emt 0:00:05]} 45. Ng5+ {[%emt 0:01:00]} Kg8 {[%emt 0:00:06]} 46. Re8+ {[%emt 0:00:08]} Bf8 {[%emt 0:00:05]} 47. Rd8 {[%emt 0:02:42]} Re3 {[%emt 0:05:00]} 48. Rxd4 {[%emt 0:02:22]} Be7 {[%emt 0:01:18]} 49. Ne4 {[%emt 0:07:02]} h4 {[%emt 0:01:05]} 50. Kg4 {[%emt 0:01:14]} hxg3 {[%emt 0:00:12]} 51. Nxg3 {[%emt 0:00:02]} Bc5 {[%emt 0:01:38]} 52. Rd7 {[%emt 0:01:07]} b6 {[%emt 0:00:15]} 53. Nf5 {[%emt 0:01:02]} Re4+ {[%emt 0:01:04]} 54. Kg5 {[%emt 0:01:06]} Rxc4 {[%emt 0:00:07]} 55. Kf6 {[%emt 0:01:18]} Rf4 {[%emt 0:03:27]} 56. Rd8+ {[%emt 0:02:28]} Kh7 {[%emt 0:00:46]} 57. Rd7+ {[%emt 0:00:06]} Kg8 {[%emt 0:00:07]} 58. Rd8+ {[%emt 0:00:09]} 1/2-1/2

[Event "Skalica Open 2019"]
[Site "Skalica"]
[Date "2019.08.29"]
[Round "7.23"]
[White "Ivanov, Alexander"]
[Black "Krakovsky, Peter"]
[Result "1-0"]
[WhiteElo "2473"]
[BlackElo "1000"]
[Annotator "ChessBase"]
[PlyCount "33"]
[EventDate "2019.08.25"]
[EventType "swiss"]
[EventCountry "SVK"]
[SourceTitle "playchess.com"]
[Source "ChessBase"]
[SourceQuality "1"]
[TimeControl "40/5400+30:1800+30"]

1. e4 {[%emt 0:00:00]} c5 {[%emt 0:00:00]} 2. Nf3 {[%emt 0:00:00]} d6 {[%emt 0:00:00]} 3. d4 {[%emt 0:00:00]} cxd4 {[%emt 0:00:22]} 4. Nxd4 {[%emt 0:00:00]} g6 {[%emt 0:00:05]} 5. Be3 {[%emt 0:00:32]} Bg7 {[%emt 0:00:13]} 6. Nc3 {[%emt 0:00:51]} Nf6 {[%emt 0:00:27]} 7. f3 {[%emt 0:00:05]} O-O {[%emt 0:00:11]} 8. Qd2 {[%emt 0:00:09]} Nc6 {[%emt 0:00:11]} 9. g4 {[%emt 0:00:14]} a6 {[%emt 0:00:47]} 10. h4 {[%emt 0:02:18]} Nxd4 {[%emt 0:01:03]} 11. Bxd4 {[%emt 0:00:11]} Nd7 {[%emt 0:00:25]} 12. O-O-O {[%emt 0:03:16]} Ne5 {[%emt 0:00:16]} 13. Be2 {[%emt 0:02:02]} Be6 {[%emt 0:00:46]} 14. Rdg1 {[%emt 0:04:42]} Qa5 {[%emt 0:00:27]} 15. f4 {[%emt 0:02:19]} Nc4 {[%emt 0:01:09]} 16. Bxc4 {[%emt 0:00:14]} Bxc4 {[%emt 0:01:39]} 17. Bxg7 {[%emt 0:00:04]} 1-0

[Event "Skalica Open 2019"]
[Site "Skalica"]
[Date "2019.08.29"]
[Round "7.24"]
[White "Fizerova, Lucie"]
[Black "Kastler, Peter"]
[Result "1-0"]
[WhiteElo "1563"]
[BlackElo "1724"]
[Annotator "NA"]
[PlyCount "151"]
[EventDate "2019.08.25"]
[EventType "swiss"]
[EventCountry "SVK"]
[SourceTitle "playchess.com"]
[Source "ChessBase"]
[SourceQuality "1"]
[TimeControl "40/5400+30:1800+30"]

1. e4 {[%emt 0:00:00]} e6 {[%emt 0:00:00]} 2. d4 {[%emt 0:00:00]} d5 {[%emt 0:00:00]} 3. Bd3 {[%emt 0:00:00]} dxe4 {[%emt 0:00:07]} 4. Bxe4 {[%emt 0:00:00]} Nf6 {[%emt 0:00:12]} 5. Bf3 {[%emt 0:00:00]} Be7 {[%emt 0:00:51]} 6. Ne2 {[%emt 0:00:32]} Nbd7 {[%emt 0:00:33]} 7. Nbc3 {[%emt 0:01:09]} O-O {[%emt 0:02:04]} 8. Bf4 {[%emt 0:02:29]} Nb6 {[%emt 0:03:12]} 9. O-O {[%emt 0:04:24]} Nbd5 {[%emt 0:02:14]} 10. Bg3 {[%emt 0:02:04]} c6 {[%emt 0:04:25]} 11. a3 {[%emt 0:13:53]} b6 {[%emt 0:01:21]} 12. Qd2 {[%emt 0:02:09]} Bb7 {[%emt 0:01:54]} 13. Rad1 {[%emt 0:08:56]} Rc8 {[%emt 0:01:06]} 14. Nf4 {[%emt 0:02:30]} Bd6 {[%emt 0:04:59]} 15. Nfxd5 {[%emt 0:07:45]} Nxd5 {[%emt 0:02:04]} 16. Bxd6 {[%emt 0:00:55]} Qxd6 {[%emt 0:01:26]} 17. Ne4 {[%emt 0:00:33]} Qe7 {[%emt 0:01:12]} 18. Rfe1 {[%emt 0:01:56]} Nf6 {[%emt 0:00:28]} 19. Qg5 {[%emt 0:01:34]} Nd5 {[%emt 0:01:15]} 20. Qd2 {[%emt 0:00:40]} Rfe8 {[%emt 0:01:18]} 21. Ng3 {[%emt 0:02:15]} Rcd8 {[%emt 0:01:30]} 22. c3 {[%emt 0:03:35]} Qc7 {[%emt 0:05:00]} 23. Qg5 {[%emt 0:04:37]} Qe7 {[%emt 0:00:41]} 24. Qg4 {[%emt 0:01:57]} Nf6 {[%emt 0:03:03]} 25. Qg5 {[%emt 0:00:47]} h6 {[%emt 0:01:02]} 26. Qd2 {[%emt 0:05:03]} c5 {[%emt 0:02:02]} 27. Bxb7 {[%emt 0:02:17]} Qxb7 {[%emt 0:01:56]} 28. Qf4 {[%emt 0:02:18]} cxd4 {[%emt 0:08:36]} 29. Rxd4 {[%emt 0:01:14]} Rd5 {[%emt 0:01:37]} 30. Rxd5 {[%emt 0:05:25]} Qxd5 {[%emt 0:00:53]} 31. h3 {[%emt 0:01:05]} Rc8 {[%emt 0:01:22]} 32. Ne4 {[%emt 0:02:07]} Nxe4 {[%emt 0:01:39]} 33. Qxe4 {[%emt 0:00:02]} Qb3 {[%emt 0:01:17]} 34. Qe2 {[%emt 0:00:47]} Rd8 {[%emt 0:01:12]} 35. Rc1 {[%emt 0:03:56]} a5 {[%emt 0:01:10]} 36. Qc2 {[%emt 0:00:28]} Qd5 {[%emt 0:01:23]} 37. Qe2 {[%emt 0:00:36]} Kf8 {[%emt 0:00:34]} 38. Re1 {[%emt 0:00:30]} Ke7 {[%emt 0:01:07]} 39. Qe3 {[%emt 0:01:34]} Qd2 {[%emt 0:00:44]} 40. Qe2 {[%emt 0:00:17]} Qxe2 {[%emt 0:00:26]} 41. Rxe2 {[%emt 0:30:02]} Rd1+ {[%emt 0:30:12]} 42. Kh2 {[%emt 0:00:17]} Kd6 {[%emt 0:00:07]} 43. b4 {[%emt 0:04:10]} Kd5 {[%emt 0:00:38]} 44. bxa5 {[%emt 0:00:59]} bxa5 {[%emt 0:00:15]} 45. Rb2 {[%emt 0:01:23]} Kc4 {[%emt 0:01:24]} 46. Rb7 {[%emt 0:00:37]} Kxc3 {[%emt 0:00:55]} 47. Rxf7 {[%emt 0:00:29]} Kb3 {[%emt 0:01:19]} 48. Rxg7 {[%emt 0:00:47]} h5 {[%emt 0:01:42]} 49. Rg6 {[%emt 0:00:48]} Rd6 {[%emt 0:00:21]} 50. Rg5 {[%emt 0:00:11]} Ra6 {[%emt 0:04:47]} 51. Rg3+ {[%emt 0:00:32]} Kc4 {[%emt 0:00:46]} 52. Rg5 {[%emt 0:01:06]} a4 {[%emt 0:01:20]} 53. Re5 {[%emt 0:01:25]} Kb3 {[%emt 0:00:33]} 54. Re3+ {[%emt 0:00:02]} Kc2 {[%emt 0:00:37]} 55. Re2+ {[%emt 0:01:20]} Kd3 {[%emt 0:00:38]} 56. Re3+ {[%emt 0:00:11]} Kd4 {[%emt 0:00:15]} 57. Kg3 {[%emt 0:00:59]} Rc6 {[%emt 0:00:54]} 58. Kf4 {[%emt 0:01:32]} Ra6 {[%emt 0:04:19]} 59. g4 {[%emt 0:01:55]} hxg4 {[%emt 0:01:27]} 60. hxg4 {[%emt 0:02:20]} Kd5 {[%emt 0:02:58]} 61. g5 {[%emt 0:02:00]} Ra8 {[%emt 0:00:35]} 62. Rd3+ {[%emt 0:02:29]} Kc4 {[%emt 0:00:56]} 63. Rg3 {[%emt 0:00:35]} Kd5 {[%emt 0:01:52]} 64. g6 {[%emt 0:00:48]} e5+ {[%emt 0:01:56]} 65. Kg5 {[%emt 0:00:25]} Ke6 {[%emt 0:04:07]} 66. g7 {[%emt 0:01:17]} Kf7 {[%emt 0:00:39]} 67. Kh6 {[%emt 0:00:41]} Kg8 {[%emt 0:00:21]} 68. Rg6 {[%emt 0:00:00]} Ra7 {[%emt 0:00:00]} 69. Rb6 {[%emt 0:00:00]} Ra8 {[%emt 0:00:00]} 70. Kg6 {[%emt 0:00:00]} e4 {[%emt 0:00:00]} 71. Rf6 {[%emt 0:00:00]} Rc8 {[%emt 0:00:00]} 72. Rf8+ {[%emt 0:00:00]} Rxf8 {[%emt 0:00:00]} 73. gxf8=Q+ {[%emt 0:00:00]} Kxf8 {[%emt 0:00:00]} 74. Kf5 {[%emt 0:00:00]} Ke7 {[%emt 0:00:00]} 75. Kxe4 {[%emt 0:00:00]} Kf6 {[%emt 0:00:00]} 76. Kd4 {[%emt 0:00:00]} 1-0

[Event "Skalica Open 2019"]
[Site "Skalica"]
[Date "2019.08.30"]
[Round "8.1"]
[White "Czebe, Attila"]
[Black "Demidov, Mikhail"]
[Result "0-1"]
[WhiteElo "2413"]
[BlackElo "2556"]
[Annotator "ChessBase"]
[PlyCount "58"]
[EventDate "2019.08.25"]
[EventType "swiss"]
[EventCountry "SVK"]
[SourceTitle "playchess.com"]
[Source "ChessBase"]
[SourceQuality "1"]
[TimeControl "40/5400+30:1800+30"]

1. Nf3 {[%emt 0:00:00]} Nf6 {[%emt 0:00:00]} 2. g3 {[%emt 0:00:00]} d5 {[%emt 0:00:00]} 3. Bg2 {[%emt 0:00:00]} e6 {[%emt 0:00:00]} 4. O-O {[%emt 0:00:05]} c5 {[%emt 0:00:00]} 5. d3 {[%emt 0:01:07]} Nc6 {[%emt 0:00:03]} 6. Nbd2 {[%emt 0:00:05]} g6 {[%emt 0:00:06]} 7. e4 {[%emt 0:00:22]} Bg7 {[%emt 0:00:06]} 8. exd5 {[%emt 0:00:54]} Nxd5 {[%emt 0:00:06]} 9. Nb3 {[%emt 0:02:03]} b6 {[%emt 0:00:36]} 10. c4 {[%emt 0:03:37]} Nde7 {[%emt 0:00:15]} 11. d4 {[%emt 0:01:54]} Ba6 {[%emt 0:00:10]} 12. Ne5 {[%emt 0:03:59]} Bxe5 {[%emt 0:04:32]} 13. dxe5 {[%emt 0:00:10]} Bxc4 {[%emt 0:01:16]} 14. Bh6 {[%emt 0:00:34]} Qxd1 {[%emt 0:01:39]} 15. Rfxd1 {[%emt 0:00:27]} Bd5 {[%emt 0:00:28]} 16. Nd2 {[%emt 0:00:12]} O-O-O {[%emt 0:02:59]} 17. Bg5 {[%emt 0:03:07]} h6 {[%emt 0:05:12]} 18. Bf6 {[%emt 0:00:16]} Rhe8 {[%emt 0:00:12]} 19. Ne4 {[%emt 0:05:32]} Bxe4 {[%emt 0:00:28]} 20. Bxe4 {[%emt 0:00:15]} Rxd1+ {[%emt 0:02:03]} 21. Rxd1 {[%emt 0:00:04]} Kc7 {[%emt 0:00:35]} 22. g4 {[%emt 0:01:19]} Nd4 {[%emt 0:01:15]} 23. b4 {[%emt 0:01:02]} Nd5 {[%emt 0:04:01]} 24. bxc5 {[%emt 0:00:04]} bxc5 {[%emt 0:00:24]} 25. Bg7 {[%emt 0:00:04]} h5 {[%emt 0:00:39]} 26. gxh5 {[%emt 0:00:11]} gxh5 {[%emt 0:00:08]} 27. Kh1 {[%emt 0:00:01]} Nc3 {[%emt 0:00:56]} 28. Re1 {[%emt 0:00:12]} Nxe4 {[%emt 0:00:09]} 29. Rxe4 {[%emt 0:00:01]} Rg8 {[%emt 0:00:09]} 0-1

[Event "Skalica Open 2019"]
[Site "Skalica"]
[Date "2019.08.30"]
[Round "8.2"]
[White "Sahidi, Samir"]
[Black "Pulpan, Jakub"]
[Result "1/2-1/2"]
[WhiteElo "2366"]
[BlackElo "2397"]
[Annotator "NA"]
[PlyCount "66"]
[EventDate "2019.08.25"]
[EventType "swiss"]
[EventCountry "SVK"]
[SourceTitle "playchess.com"]
[Source "ChessBase"]
[SourceQuality "1"]
[TimeControl "40/5400+30:1800+30"]

1. d4 {[%emt 0:00:00]} Nf6 {[%emt 0:00:00]} 2. c4 {[%emt 0:00:17]} e6 {[%emt 0:00:03]} 3. Nf3 {[%emt 0:01:25]} d5 {[%emt 0:00:18]} 4. e3 {[%emt 0:02:28]} c5 {[%emt 0:02:45]} 5. Nc3 {[%emt 0:03:04]} Nc6 {[%emt 0:00:15]} 6. Bd3 {[%emt 0:04:03]} a6 {[%emt 0:07:19]} 7. O-O {[%emt 0:07:03]} dxc4 {[%emt 0:04:17]} 8. Bxc4 {[%emt 0:00:06]} b5 {[%emt 0:02:23]} 9. Be2 {[%emt 0:02:12]} cxd4 {[%emt 0:00:55]} 10. exd4 {[%emt 0:00:26]} Be7 {[%emt 0:00:23]} 11. Bg5 {[%emt 0:02:23]} O-O {[%emt 0:00:20]} 12. Rc1 {[%emt 0:01:05]} Bb7 {[%emt 0:03:31]} 13. h3 {[%emt 0:13:15]} Rc8 {[%emt 0:04:29]} 14. Bd3 {[%emt 0:04:08]} h6 {[%emt 0:02:34]} 15. Bh4 {[%emt 0:06:55]} Nb4 {[%emt 0:02:34]} 16. Bxf6 {[%emt 0:00:53]} Bxf6 {[%emt 0:00:44]} 17. Be4 {[%emt 0:00:10]} Bxe4 {[%emt 0:17:09]} 18. Nxe4 {[%emt 0:00:17]} Be7 {[%emt 0:04:37]} 19. a3 {[%emt 0:02:10]} Nc6 {[%emt 0:04:26]} 20. Qd3 {[%emt 0:07:51]} Qb6 {[%emt 0:02:40]} 21. Rc2 {[%emt 0:13:04]} Rcd8 {[%emt 0:03:33]} 22. Rd1 {[%emt 0:02:30]} f5 {[%emt 0:04:05]} 23. Ng3 {[%emt 0:03:04]} Bf6 {[%emt 0:07:00]} 24. Ne2 {[%emt 0:01:20]} Rd6 {[%emt 0:03:28]} 25. Rcd2 {[%emt 0:02:30]} Rfd8 {[%emt 0:00:22]} 26. Qe3 {[%emt 0:01:26]} Kh7 {[%emt 0:02:00]} 27. h4 {[%emt 0:01:36]} e5 {[%emt 0:02:07]} 28. Ng3 {[%emt 0:02:51]} Nxd4 {[%emt 0:09:55]} 29. Nxd4 {[%emt 0:01:04]} exd4 {[%emt 0:01:57]} 30. Qd3 {[%emt 0:00:26]} Rd5 {[%emt 0:00:14]} 31. Nxf5 {[%emt 0:00:30]} g6 {[%emt 0:00:42]} 32. Ng3 {[%emt 0:00:45]} Bxh4 {[%emt 0:00:02]} 33. Re2 {[%emt 0:01:12]} Rg8 {[%emt 0:02:13]} 1/2-1/2

[Event "Skalica Open 2019"]
[Site "Skalica"]
[Date "2019.08.30"]
[Round "8.3"]
[White "Maiorov, Nikita"]
[Black "Pechac, Jergus"]
[Result "0-1"]
[WhiteElo "2512"]
[BlackElo "2471"]
[Annotator "ChessBase"]
[PlyCount "88"]
[EventDate "2019.08.25"]
[EventType "swiss"]
[EventCountry "SVK"]
[SourceTitle "playchess.com"]
[Source "ChessBase"]
[SourceQuality "1"]
[TimeControl "40/5400+30:1800+30"]

1. d4 {[%emt 0:00:00]} Nf6 {[%emt 0:03:56]} 2. c4 {[%emt 0:00:00]} g6 {[%emt 0:00:03]} 3. g3 {[%emt 0:00:00]} Bg7 {[%emt 0:00:10]} 4. Bg2 {[%emt 0:00:00]} O-O {[%emt 0:00:05]} 5. Nf3 {[%emt 0:00:00]} d6 {[%emt 0:00:08]} 6. O-O {[%emt 0:00:00]} Nc6 {[%emt 0:00:05]} 7. d5 {[%emt 0:06:37]} Na5 {[%emt 0:00:06]} 8. Nfd2 {[%emt 0:00:05]} c6 {[%emt 0:00:20]} 9. Na3 {[%emt 0:00:10]} cxd5 {[%emt 0:01:24]} 10. cxd5 {[%emt 0:00:06]} e6 {[%emt 0:00:24]} 11. dxe6 {[%emt 0:00:07]} Bxe6 {[%emt 0:00:10]} 12. Nb3 {[%emt 0:01:38]} Nxb3 {[%emt 0:00:18]} 13. axb3 {[%emt 0:00:08]} d5 {[%emt 0:02:55]} 14. Be3 {[%emt 0:02:19]} Qd7 {[%emt 0:04:12]} 15. Re1 {[%emt 0:09:11]} a6 {[%emt 0:00:19]} 16. Bd4 {[%emt 0:00:31]} Rac8 {[%emt 0:00:13]} 17. Nc2 {[%emt 0:01:10]} Qb5 {[%emt 0:05:10]} 18. b4 {[%emt 0:09:27]} Rfd8 {[%emt 0:09:10]} 19. Ra5 {[%emt 0:14:54]} Qc4 {[%emt 0:00:29]} 20. Rc5 {[%emt 0:01:49]} Qb3 {[%emt 0:05:22]} 21. Bc3 {[%emt 0:12:41]} Rxc5 {[%emt 0:00:37]} 22. bxc5 {[%emt 0:00:05]} Rc8 {[%emt 0:00:09]} 23. Qd2 {[%emt 0:10:23]} Ne4 {[%emt 0:03:09]} 24. Bxe4 {[%emt 0:02:27]} Bxc3 {[%emt 0:00:09]} 25. bxc3 {[%emt 0:00:05]} dxe4 {[%emt 0:00:08]} 26. Nd4 {[%emt 0:04:14]} Qd5 {[%emt 0:01:01]} 27. Rb1 {[%emt 0:07:41]} Rxc5 {[%emt 0:03:01]} 28. h4 {[%emt 0:01:04]} Bh3 {[%emt 0:03:56]} 29. Qe3 {[%emt 0:01:29]} h5 {[%emt 0:05:02]} 30. Rb2 {[%emt 0:01:05]} Rc7 {[%emt 0:03:23]} 31. Rd2 {[%emt 0:01:55]} Rxc3 {[%emt 0:00:15]} 32. Qxc3 {[%emt 0:03:58]} e3 {[%emt 0:00:05]} 33. f3 {[%emt 0:00:04]} exd2 {[%emt 0:00:19]} 34. Qxd2 {[%emt 0:00:03]} Bd7 {[%emt 0:01:45]} 35. Qc3 {[%emt 0:00:20]} a5 {[%emt 0:01:40]} 36. e3 {[%emt 0:00:11]} a4 {[%emt 0:00:44]} 37. Kf2 {[%emt 0:01:04]} Qd6 {[%emt 0:03:15]} 38. Nc2 {[%emt 0:02:09]} Qd1 {[%emt 0:04:10]} 39. e4 {[%emt 0:04:10]} Bb5 {[%emt 0:02:43]} 40. Ke3 {[%emt 0:02:32]} Qg1+ {[%emt 0:04:00]} 41. Kf4 {[%emt 0:30:11]} Qc1+ {[%emt 0:30:17]} 42. Ke5 {[%emt 0:00:13]} a3 {[%emt 0:00:11]} 43. Kd4 {[%emt 0:00:00]} a2 {[%emt 0:00:00]} 44. f4 {[%emt 0:00:00]} Qxc2 {[%emt 0:00:00]} 0-1

[Event "Skalica Open 2019"]
[Site "Skalica"]
[Date "2019.08.30"]
[Round "8.4"]
[White "Vykouk, Jan"]
[Black "Lanka, Zigurds"]
[Result "1/2-1/2"]
[WhiteElo "2477"]
[BlackElo "2395"]
[Annotator "ChessBase"]
[PlyCount "53"]
[EventDate "2019.08.25"]
[EventType "swiss"]
[EventCountry "SVK"]
[SourceTitle "playchess.com"]
[Source "ChessBase"]
[SourceQuality "1"]
[TimeControl "40/5400+30:1800+30"]

1. e4 {[%emt 0:00:00]} c5 {[%emt 0:00:00]} 2. Nf3 {[%emt 0:00:00]} a6 {[%emt 0:00:00]} 3. g3 {[%emt 0:00:37]} g6 {[%emt 0:00:13]} 4. Bg2 {[%emt 0:00:35]} Bg7 {[%emt 0:00:07]} 5. d4 {[%emt 0:01:34]} cxd4 {[%emt 0:00:09]} 6. Nxd4 {[%emt 0:00:06]} Nc6 {[%emt 0:00:09]} 7. Be3 {[%emt 0:00:44]} Nf6 {[%emt 0:01:06]} 8. Nc3 {[%emt 0:02:08]} O-O {[%emt 0:02:16]} 9. O-O {[%emt 0:00:15]} d6 {[%emt 0:00:32]} 10. h3 {[%emt 0:00:26]} Rb8 {[%emt 0:02:06]} 11. Re1 {[%emt 0:00:48]} Bd7 {[%emt 0:02:15]} 12. Nd5 {[%emt 0:05:26]} e6 {[%emt 0:02:54]} 13. Nxc6 {[%emt 0:03:44]} Bxc6 {[%emt 0:00:27]} 14. Bb6 {[%emt 0:00:04]} Qd7 {[%emt 0:00:34]} 15. Nc3 {[%emt 0:06:06]} Ne8 {[%emt 0:05:17]} 16. Qd3 {[%emt 0:02:01]} f5 {[%emt 0:02:03]} 17. Rad1 {[%emt 0:00:40]} f4 {[%emt 0:00:45]} 18. gxf4 {[%emt 0:03:14]} Rxf4 {[%emt 0:00:24]} 19. Ne2 {[%emt 0:00:12]} Rf8 {[%emt 0:01:21]} 20. Nd4 {[%emt 0:00:15]} Be5 {[%emt 0:01:43]} 21. Nxc6 {[%emt 0:03:18]} bxc6 {[%emt 0:07:18]} 22. Qxa6 {[%emt 0:03:56]} Qf7 {[%emt 0:06:56]} 23. Be3 {[%emt 0:01:00]} Rxb2 {[%emt 0:00:37]} 24. Qxc6 {[%emt 0:00:04]} Rxa2 25. Rb1 {[%emt 0:00:47]} Qc7 {[%emt 0:08:35]} 26. Qxc7 {[%emt 0:07:30]} Nxc7 {[%emt 0:00:06]} 27. Rec1 {[%emt 0:00:33]} 1/2-1/2

[Event "Skalica Open 2019"]
[Site "Skalica"]
[Date "2019.08.30"]
[Round "8.5"]
[White "Potapov, Pavel"]
[Black "Komliakov, Viktor"]
[Result "1/2-1/2"]
[WhiteElo "2496"]
[BlackElo "2366"]
[Annotator "ChessBase"]
[PlyCount "37"]
[EventDate "2019.08.25"]
[EventType "swiss"]
[EventCountry "SVK"]
[SourceTitle "playchess.com"]
[Source "ChessBase"]
[SourceQuality "1"]
[TimeControl "40/5400+30:1800+30"]

1. e4 {[%emt 0:00:00]} g6 {[%emt 0:00:00]} 2. d4 {[%emt 0:00:00]} Bg7 {[%emt 0:00:00]} 3. Nc3 {[%emt 0:00:00]} c6 {[%emt 0:00:00]} 4. f4 {[%emt 0:00:11]} d5 {[%emt 0:00:09]} 5. e5 {[%emt 0:00:06]} Nh6 {[%emt 0:00:28]} 6. Nf3 {[%emt 0:00:30]} f6 {[%emt 0:00:08]} 7. Be3 {[%emt 0:01:43]} Bg4 {[%emt 0:00:39]} 8. h3 {[%emt 0:01:29]} Bxf3 {[%emt 0:00:09]} 9. Qxf3 {[%emt 0:00:05]} O-O {[%emt 0:00:28]} 10. exf6 {[%emt 0:01:19]} exf6 {[%emt 0:00:19]} 11. g4 {[%emt 0:00:48]} f5 {[%emt 0:00:07]} 12. g5 {[%emt 0:01:18]} Nf7 {[%emt 0:01:02]} 13. O-O-O {[%emt 0:01:01]} Re8 {[%emt 0:05:36]} 14. h4 {[%emt 0:03:15]} Nd7 {[%emt 0:00:48]} 15. h5 {[%emt 0:05:33]} Nf8 {[%emt 0:01:09]} 16. Kb1 {[%emt 0:03:25]} Qe7 {[%emt 0:03:55]} 17. Bf2 {[%emt 0:06:53]} Nd6 {[%emt 0:01:00]} 18. Bg2 {[%emt 0:09:14]} Rad8 {[%emt 0:03:52]} 19. Rhe1 {[%emt 0:14:07]} 1/2-1/2